| 000 | 00388cam a2200157 4500 | ||
|---|---|---|---|
| 001 | D11885 | ||
| 008 | 090401t1944 xxu||||| |||| 00| 0 eng d | ||
| 035 | _a(Sirsi) u22 | ||
| 041 | _aeng | ||
| 100 | _aAbrams, T. | ||
| 245 | _aEssentials of aerial surveying and photo interpretation | ||
| 260 |
_aNew York/London _bMcGraw-Hill _c1944 |
||
| 350 | _a0 | ||
| 942 | _n0 | ||
| 948 | _c04/03/1997 | ||
| 999 |
_c85477 _d85477 |
||